Investigaciones acerca de los principios matemáticos de la teoría de las riquezas (Registro nro. 5373)

Detalles MARC
000 -LEADER
fixed length control field 01126 a2200193 4500
001 - CONTROL NUMBER
control field 54202
005 - DATE AND TIME OF LATEST TRANSACTION
control field 20260407155812.0
008 - FIXED-LENGTH DATA ELEMENTS--GENERAL INFORMATION
fixed length control field 260407a1969 arg spa d
003 - CONTROL NUMBER IDENTIFIER
control field AR-UNSa-BCEJYS
040 ## - CATALOGING SOURCE
Original cataloging agency AR-UNSa-BCEJYS
Language of cataloging spa
Transcribing agency AR-UNSa-BCEJYS
080 ## - UNIVERSAL DECIMAL CLASSIFICATION NUMBER
Universal Decimal Classification number 330.4
Common auxiliary subdivision Economía matemática
100 1# - MAIN ENTRY--PERSONAL NAME
Personal name Cournot, Antoine-Augustin
245 10 - TITLE STATEMENT
Title Investigaciones acerca de los principios matemáticos de la teoría de las riquezas
264 #1 - PRODUCTION, PUBLICATION, DISTRIBUTION, MANUFACTURE, AND COPYRIGHT NOTICE
Place of production, publication, distribution, manufacture Madrid :
Name of producer, publisher, distributor, manufacturer Alianza Editorial
Date of production, publication, distribution, manufacture, or copyright notice 1969
300 ## - PHYSICAL DESCRIPTION
Extent 265 p.
Dimensions 19 cm.
505 ## - FORMATTED CONTENTS NOTE
Formatted contents note 1. Del valor de cambio, o de la riqueza en general – 2. De la variaciones del valor, absolutas y relativas – 3. Del cambio – 4. De la ley de la demanda – 5. Del monopolio – 6. De la influencia del impuesto sobre los bienes cuya producción monopolizada – 7. De la concurrencia de productores – 8. De la concurrencia ilimitada – 9. Del concurso de productores – 10. De la comunicación de los mercados – 11. De la renta social – 12. De las variaciones de la renta social, resultantes de la comunicación de los mercados.
590 ## - LOCAL NOTE (RLIN)
Local note niveau_biblio:m niveau_hierar:0
942 ## - ADDED ENTRY ELEMENTS (KOHA)
Koha item type
Existencias
Withdrawn status Lost status Damaged status Not for loan Home library Current library Shelving location Date acquired Total checkouts Full call number Barcode Date last seen Price effective from Koha item type
        Biblioteca Prof. Eusebio Cleto del Rey Biblioteca Prof. Eusebio Cleto del Rey   07/04/2026   330.4 C858 L13246 07/04/2026 07/04/2026 Libro